| 000 | 00431nam a22001577a 4500 | ||
|---|---|---|---|
| 082 | _aP-307 | ||
| 100 |
_aImran Syn#10 _948056 |
||
| 245 |
_aUse of polymer / additives in design of flexible pavement to improve strength (to avoid rutting) _cImran, Raheel |
||
| 260 |
_aMCE _c2006 |
||
| 300 | _a99 p. | ||
| 526 |
_a0 _b0 _c0 _dP_307 |
||
| 526 |
_a0 _b0 _c0 _dP_307 |
||
| 650 | _aProject | ||
| 700 |
_aKamran _948057 |
||
| 942 |
_2ddc _cBK |
||
| 999 |
_c551095 _d551095 |
||